000 00983nam a2200301 i 4500
001 bg
003 BPK
005 20190724101643.0
008 981118s1985 pl a f |000 0 pol
015 _aPB 1985/8994
020 _a8302016292
040 _aWA N
_cBPK
041 0 _apol
080 _a621.317
080 _a(075.3)
100 1 _aDyszyński, Jan.
_eAutor
245 1 0 _aMiernictwo elektryczne /
_cJan Dyszyński, Ryszard Hagel.
250 _aWyd. 2.
260 _aWarszawa :
_bWydawnictwa Szkolne i Pedagogiczne,
_c1985.
300 _a242, [1] s. :
_brys., wykr. ;
_c24 cm.
504 _aWykaz norm s. [244].
650 4 _aElektrotechnika
_xpomiary.
655 4 _aPodręczniki dla szkół zawodowych
710 2 _aWydawnictwa Szkolne i Pedagogiczne.
_4pbl.
700 1 _aHagel, Ryszard
_d(1921-1979).
_eAutor
856 _uhttp://koha.tu.koszalin.pl/cgi-bin/koha/opac-detail.pl?biblionumber=51321
_yKatalog online BPK
942 _2UKD
_cKS
999 _c51321
_d51321